Culture générale - Quiz #26 - Statistiques

Statistiques générales
  • Ce quiz a été pris 70 535 fois
  • Le résultat moyen est 9 sur 20
Statistiques - réponses
Question Réponse % Correct
Qui était atteint de surdité alors qu'il composait sa neuvième et ultime symphonie ? Ludwig van Beethoven
89%
Dans la Bible, que sont Gabriel, Michel et Raphaël ? Des archanges
79%
Selon l'expression, entre quelles maladies de sinistre mémoire vaut-t-il mieux ne pas avoir à choisir ? La peste
64%
Quel a été le dernier pays à autoriser aux femmes de conduire, en 2017 ? L'Arabie Saoudite
63%
Dans quelle maison de Poudlard le Choixpeau magique a-t-il envoyé Harry Potter ? Gryffondor
62%
Quel chanteur est décédé dans un accident d'hélicoptère lors du Rallye Dakar 1986 ? Daniel Balavoine
60%
Selon l'expression, entre quelles maladies de sinistre mémoire vaut-t-il mieux ne pas avoir à choisir ? Le choléra
60%
En comptabilité, quel est le contraire d'un crédit ? Un débit
55%
Pour quelle chanteuse Jean-Paul Gaultier dessina-t-il un célèbre corset couleur chair aux seins pointus, pour sa tournée de 1990 ? Madonna
52%
Quel pays est appelé "Éire" dans sa langue traditionnelle ? L'Irlande
50%
Quel est le seul élément du tableau périodique dont le nom français compte 3 lettres ? Fer
49%
Qui est reine consort du Royaume-Uni, depuis 2022 ? Camilla Parker Bowles
38%
De quel ancien homme d'état Mazarine Pingeot est-elle la fille adultérine ? François Mitterrand
38%
Dans l'hémisphère nord, on parle d'Aurores boréales. Comment appelle-t-on leur équivalent dans l'hémisphère sud ? Aurores {australes}
31%
À part pour le polo, pour quel autre sport utilise-t-on un maillet ? Le croquet
28%
De quel pays Albert Einstein s'est-il vu proposer la présidence, qu'il refusa ? Israël
27%
Quel philosophe est considéré comme le père de la maïeutique, technique consistant à faire accoucher les esprits de leurs connaissances ? Socrate
24%
Quelle ville américaine est célèbre pour avoir vu émerger le genre musical "grunge" ? Seattle
14%
Dans quel pays fictif des Balkans l'album de Tintin "Le Sceptre d'Ottokar" se déroule-t-il majoritairement ? La Syldavie
11%
Quel nom porte la fête du Nouvel An vietnamien ? Le Têt Nguyên Dán
9%
Aucun quiz correspondant
Distribution des résultats
% des personnes avec chaque résultat
Percentile par nombre de réponses
Votre historique - résultats
Vous n’avez pas pris ce quiz